| 000 | 00654nam a2200193 i 4500 | ||
|---|---|---|---|
| 001 | 134983 | ||
| 003 | ES-MaACL | ||
| 005 | 20250728100645.0 | ||
| 007 | t| | ||
| 008 | 070705q19001930xxu ||||1| spa d | ||
| 100 | 1 |
_aTingley, Katherine. _9110306 |
|
| 245 | 1 | 0 |
_aRamillete de siemprevivas / _ctrozos selectos tomados de varios discursos de Katherine Tingley ; traducción del inglés por Segundo Sabio del Valle. |
| 260 |
_aPoint Loma, California : _b[s.n., _c19--?] |
||
| 300 |
_a103 p. ; _c17 cm. |
||
| 650 | 7 |
_aTeosofía _2embne _917478 |
|
| 700 | 0 |
_aSabio del Valle, Segundo. _9101207 |
|
| 852 |
_aES-MaACL _j1489-F-13 |
||
| 999 |
_c134983 _d134983 |
||